Zákon č.59/1997 Z.z. zo 6. februára 1997 o ochrane pred dumpingom pri dovoze tovaru

Zákon č.59/1997 Z.z. o ochrane pred dumpingom pri dovoze tovaru. Základné pojmy. Vývozná cena tovaru. Cena tovaru v bežnom obchode. Dumpingové rozpätie. Dumpingová ujma. Druhy opatrení. Konanie proti dumpingu. Spoločné ustanovenia pre prijatie záväzku a uloženie dočasného cla a konečného cla. Dôvodo...

ver descrição completa

Na minha lista:
Detalhes bibliográficos
Formato: Capítulo de Livro
Idioma:eslovaco
Assuntos:
Tags: Adicionar Tag
Sem tags, seja o primeiro a adicionar uma tag!

MARC

LEADER 00000naa a2200000 4500
001 r025700
005 20230912103935.4
041 0 |a slo 
044 |a SK 
245 1 0 |a Zákon č.59/1997 Z.z. zo 6. februára 1997 o ochrane pred dumpingom pri dovoze tovaru 
520 |a Zákon č.59/1997 Z.z. o ochrane pred dumpingom pri dovoze tovaru. Základné pojmy. Vývozná cena tovaru. Cena tovaru v bežnom obchode. Dumpingové rozpätie. Dumpingová ujma. Druhy opatrení. Konanie proti dumpingu. Spoločné ustanovenia pre prijatie záväzku a uloženie dočasného cla a konečného cla. Dôvodová správa. 
610 2 0 |a zákony 
610 2 0 |a Slovensko 
610 2 0 |a 1997 
610 2 0 |a dumping 
610 2 0 |a dovoz 
610 2 0 |a ceny 
610 2 0 |a politika cenová 
610 2 0 |a clá antidumpingové 
610 2 0 |a konkurencia